España (Record no. 144623)

MARC details
000 -LEADER
campo de control de longitud fija 00529nam a2200169 4500
001 - NÚMERO DE CONTROL
campo de control 144623
003 - IDENTIFICADOR DE NÚMERO DE CONTROL
campo de control ES-MaACL
005 - FECHA Y HORA DE LA ÚLTIMA TRANSACCIÓN
campo de control 20230906201048.0
007 - CAMPO FIJO DE DESCRIPCIÓN FÍSICA--INFORMACIÓN GENERAL
campo de control de longitud fija t|
008 - DATOS DE LONGITUD FIJA--INFORMACIÓN GENERAL
campo de control de longitud fija 070214s1966 sp r ||||1| spa d
100 1# - ENTRADA PRINCIPAL--NOMBRE DE PERSONA
Nombre de persona Smith, Bradley.
9 (RLIN) 106853
245 10 - MENCIÓN DEL TÍTULO
Título España
Resto del título : Historia y Arte /
Mención de responsabilidad, etc. por Bradley Smith ; [traductor Juan Gómez Casas].
260 ## - PUBLICACIÓN, DISTRIBUCIÓN, ETC.
Lugar de publicación, distribución, etc. Madrid :
Nombre del editor, distribuidor, etc. Aguilar,
Fecha de publicación, distribución, etc. 1966 (
Fabricante Gaez)
300 ## - DESCRIPCIÓN FÍSICA
Extensión 296 p., 22 lám. col. :
Otras características físicas il. ;
Dimensiones 32 cm.
700 1# - ENTRADA AGREGADA--NOMBRE PERSONAL
Nombre de persona Gómez Casas, Juan.
9 (RLIN) 57863
852 ## - LOCALIZACIÓN
Ubicación ES-MaACL
Número de control de estantería C-29038
Sublocalización o colección R.61672
Holdings
Estatus retirado Estado de pérdida Estado de daño No para préstamo Biblioteca de origen Biblioteca actual Ubicación en estantería Fecha de adquisición Fuente de adquisición Total de préstamos Signatura topográfica completa Código de barras Visto por última vez Precio de reemplazo Tipo de ítem Koha
        Biblioteca del Ateneo de Madrid Biblioteca del Ateneo de Madrid Depósito 2 17/01/2008     C-29038 1150670 23/02/2023 23/02/2023 Libro impreso